000 00870nam a2200253Ia 4500
003 OSt
005 20221005113056.0
006 a|||||r|||| 00| 0
007 ta
008 221004b |||||||| |||| 00| 0 pan d
020 _a8187654066 (hbk)
_cINR 260.00
024 _a66107
037 _b1168, 30/12/2019, H.K. Prakashan
_cTextual
040 _aCRL
_cCRL
_bpan
041 _2pan
_apan
082 _aP153, Q9
100 _aਕਿਰਨ, ਂਚ.
_9159534
245 0 _aਤਵਾਰੀ॥ ਗੁਰੂ ॥ਾਲਸਾ
_b ਭਾFਾਈ ਜੁਗਤਾਂ
260 _aਦਿੱਲੀ
_bਮਨਪ੍ਰੀਤ ਪ੍ਰਕਾFਨ ਭਾਰਤ
_c2019
300 _a100ਪ੍ਰ0
_ccm.
650 _aਪੰਜਾਬੀ ਭਾFਾ
942 _hP153, Q9
_cTEXL
_2cc
999 _c1026955
_d1026955